| 000 | 01483nam0a2200325 i 4500 | ||
|---|---|---|---|
| 001 | RU\NLR\BIBL_A\011347347 | ||
| 005 | 20260405125005.0 | ||
| 021 |
_aRU _b2017-9537 _9701 |
||
| 035 | _a(NLR Aleph) 011347347 | ||
| 090 |
_a11225546 _c11225546 |
||
| 100 | _a20170316d2016 k y0rusy50 ca | ||
| 101 | 0 |
_arus _deng |
|
| 102 | _aRU | ||
| 105 | _ay z 000yy | ||
| 200 | 1 |
_aЯзык параллельного программирования Синхро, предназначенный для обучения _dEducational parallel programming language Synchro _fЛ. В. Городняя |
|
| 210 |
_aНовосибирск _cИСИ _d2016 |
||
| 215 |
_a29 c _d21 |
||
| 225 | 1 |
_aПрепринт _fРос. акад. наук, Сиб. отд-ние, Ин-т систем информатики им. А. П. Ершова _v180 |
|
| 300 | _aАвт. также на англ. яз.: L. V. Gorodnyaya | ||
| 300 | _aРез. на англ. яз | ||
| 320 | _aБиблиогр.: с. 29 (9 назв.) | ||
| 510 | 1 |
_6z45790 _aEducational parallel programming language Synchro _zeng |
|
| 606 |
_aСИНХРО, язык программирования _92321805 _3RU\NLR\AUTH\6601613779 |
||
| 686 | 1 | _aЗ973.202-018.1 | |
| 700 | 1 |
_8rus _7ca _aГородняя _bЛ. В. _gЛидия Васильевна _3RU\NLR\AUTH\7750344 _933279 |
|
| 790 | 1 |
_8rus _7ba _aGorodnjaja _bL. V. _gLidija Vasil'evna _3RU\NLR\AUTH\7750346 _933281 |
|
| 942 | _cBOOK | ||
| 980 | _aNBR | ||